[Event "10th Asrian Memorial 2017"]
[Site "Yerevan ARM"]
[Date "2017.06.28"]
[Round "8.8"]
[White "Hovhannisyan, Robert"]
[Black "Arutinian, David"]
[Result "0-1"]
[WhiteTitle "GM"]
[BlackTitle "GM"]
[WhiteElo "2621"]
[BlackElo "2527"]
[WhiteFideId "13302507"]
[BlackFideId "13601741"]
[EventDate "2017.06.21"]

1. e4 c6 2. d4 d5 3. exd5 cxd5 4. Bd3 Nc6 5. c3 Qc7 6. Ne2 Bg4 7. O-O e6 8. Qe1
Bxe2 9. Qxe2 Bd6 10. g3 h5 11. Kg2 h4 12. Be3 O-O-O 13. Nd2 Nge7 14. c4 dxc4 15.
Nxc4 Nd5 16. Be4 Nxe3+ 17. Qxe3 Kb8 18. Rac1 hxg3 19. hxg3 f5 20. Nxd6 Rxd6 21.
Bf3 Qd7 22. Rh1 Rd8 23. Bxc6 Rxc6 24. Qe5+ Ka8 25. Rcd1 Rd6 26. Rh7 Qc6+ 27. Kg1
a6 28. Qxg7 f4 29. Qc7 fxg3 30. fxg3 Qf3 31. Rd3 Qe4 32. d5 Qe1+ 33. Kg2 Qe2+
34. Kg1 Qe1+ 35. Kg2 Qe2+ 36. Kg1 Qxb2 37. Rb3 Qa1+ 0-1

[Event "10th Asrian Memorial 2017"]
[Site "Yerevan ARM"]
[Date "2017.06.29"]
[Round "9.1"]
[White "Martirosyan, Haik M."]
[Black "Melkumyan, Hrant"]
[Result "1/2-1/2"]
[WhiteTitle "IM"]
[BlackTitle "GM"]
[WhiteElo "2516"]
[BlackElo "2624"]
[WhiteFideId "13306553"]
[BlackFideId "13302485"]
[EventDate "2017.06.21"]

1. e4 e5 2. Nf3 Nc6 3. Bb5 Nf6 4. O-O Nxe4 5. Re1 Nd6 6. Nxe5 Be7 7. Bf1 Nxe5 8.
Rxe5 O-O 9. Nc3 Ne8 10. Nd5 Bd6 11. Re1 c6 12. Ne3 Bc7 13. Nf5 d5 14. Ne7+ Kh8
15. Nxc8 Rxc8 1/2-1/2

[Event "10th Asrian Memorial 2017"]
[Site "Yerevan ARM"]
[Date "2017.06.29"]
[Round "9.2"]
[White "Ter-Sahakyan, Samvel"]
[Black "Kotanjian, Tigran"]
[Result "1/2-1/2"]
[WhiteTitle "GM"]
[BlackTitle "GM"]
[WhiteElo "2598"]
[BlackElo "2486"]
[WhiteFideId "13302531"]
[BlackFideId "13301250"]
[EventDate "2017.06.21"]

1. e4 c5 2. Nf3 d6 3. d4 cxd4 4. Nxd4 Nf6 5. Nc3 a6 6. Bg5 e6 7. f4 Qb6 8. a3
Nc6 9. Nb3 Be7 10. Qd2 O-O 11. O-O-O Rd8 12. Bd3 Qc7 13. g4 b5 14. Bxf6 Bxf6 15.
g5 Be7 16. Kb1 Rb8 17. Ne2 a5 18. Ned4 Nxd4 19. Nxd4 Bd7 20. f5 e5 21. Nf3 b4
22. a4 b3 23. Rc1 Qa7 24. Bc4 bxc2+ 25. Rxc2 Bxa4 26. Rc3 d5 27. Bxd5 Bb4 28.
Qe3 Bxc3 29. Qxa7 Rxb2+ 30. Kc1 Rc2+ 31. Kb1 Rb2+ 32. Kc1 Rc8 33. Qxf7+ Kh8 34.
Bb7 Rc2+ 35. Kb1 Rb2+ 36. Kc1 Rc2+ 37. Kb1 Rb2+ 1/2-1/2

[Event "10th Asrian Memorial 2017"]
[Site "Yerevan ARM"]
[Date "2017.06.29"]
[Round "9.3"]
[White "Zubov, Alexander"]
[Black "Zhigalko, Andrey"]
[Result "0-1"]
[WhiteTitle "GM"]
[BlackTitle "GM"]
[WhiteElo "2612"]
[BlackElo "2563"]
[WhiteFideId "14109409"]
[BlackFideId "13502247"]
[EventDate "2017.06.21"]

1. d4 Nf6 2. c4 e6 3. Nf3 d5 4. e3 Bd6 5. b3 O-O 6. Bb2 b6 7. Bd3 Bb7 8. O-O
Nbd7 9. Nc3 a6 10. Qe2 Ne4 11. Rfc1 f5 12. a4 Qf6 13. a5 dxc4 14. bxc4 Qh6 15.
h3 Rf6 16. Bxe4 fxe4 17. Nh2 Rg6 18. Kh1 Rf8 19. Ba3 c5 20. Rg1 Qh4 21. Raf1 Nf6
22. Nd1 Bxh2 23. Kxh2 Ng4+ 24. Qxg4 Rxg4 25. axb6 Rg5 26. Bxc5 Rxc5 27. dxc5 Qh5 0-1

[Event "10th Asrian Memorial 2017"]
[Site "Yerevan ARM"]
[Date "2017.06.29"]
[Round "9.4"]
[White "Yeoh, Li Tian"]
[Black "Bortnyk, Olexandr"]
[Result "1/2-1/2"]
[WhiteTitle "IM"]
[BlackTitle "GM"]
[WhiteElo "2471"]
[BlackElo "2580"]
[WhiteFideId "5702895"]
[BlackFideId "14120828"]
[EventDate "2017.06.21"]

1. e4 e6 2. d4 d5 3. Nd2 Be7 4. Ngf3 Nf6 5. Bd3 c5 6. c3 cxd4 7. cxd4 dxe4 8.
Nxe4 Nc6 9. O-O O-O 10. Nc3 b6 11. a3 Bb7 12. Re1 Rc8 13. Be3 Qc7 14. Qe2 Rfd8
15. Rad1 g6 16. h3 Qb8 17. Bb1 Rd7 18. Ba2 Rcd8 19. Bg5 Nxd4 20. Nxd4 Rxd4 21.
Bxe6 Ng4 22. Bxf7+ Kg7 23. hxg4 Bxg5 24. Ba2 Rd2 25. Qc4 Kh6 26. Rxd2 Rxd2 27.
Rd1 Qd6 28. Bb3 Qe7 29. Rxd2 Qe1+ 30. Kh2 Qxd2 31. Ne2 Bd5 32. Qxd5 Qxe2 33. Qf7
Qe7 34. Qxe7 Bxe7 35. Bd5 Bf6 36. b3 Bb2 37. a4 a5 1/2-1/2

[Event "10th Asrian Memorial 2017"]
[Site "Yerevan ARM"]
[Date "2017.06.29"]
[Round "9.5"]
[White "Arutinian, David"]
[Black "Smirnov, Pavel"]
[Result "1-0"]
[WhiteTitle "GM"]
[BlackTitle "GM"]
[WhiteElo "2527"]
[BlackElo "2589"]
[WhiteFideId "13601741"]
[BlackFideId "4123425"]
[EventDate "2017.06.21"]

1. c4 e6 2. Nf3 Nf6 3. g3 d5 4. b3 Be7 5. Bg2 O-O 6. O-O c5 7. e3 Nc6 8. Bb2 d4
9. exd4 cxd4 10. Re1 Ng4 11. d3 f6 12. a3 a5 13. Bc1 Qe8 14. Ra2 Kh8 15. Rae2
Qh5 16. h3 Nh6 17. g4 Qf7 18. Nbd2 e5 19. Nf1 g5 20. Ng3 Be6 21. Re4 Rab8 22.
Qe2 Bd6 23. c5 Bc7 24. b4 axb4 25. axb4 b5 26. Bd2 Rfd8 27. h4 Nxg4 28. hxg5 f5
29. g6 hxg6 30. Ng5 Qd7 31. Rxg4 fxg4 32. N3e4 Rf8 33. Nxe6 Qxe6 34. Ng5 Qd7 35.
Bxc6 Qxc6 36. Qxg4 Kg7 37. Ne6+ Kf7 38. Nxf8 Rxf8 39. Ra1 Kg8 40. Ra7 Bb8 41.
Qd7 Qxd7 42. Rxd7 Rf7 43. Rd8+ Rf8 44. Rxf8+ Kxf8 45. Kg2 Kf7 46. Kf3 Ke6 47.
Ke4 Bc7 48. Bg5 Bb8 49. Bd8 Kd7 50. Bb6 Ke6 51. f3 g5 52. Bd8 Kd7 53. Bxg5 Ke6
54. f4 1-0

[Event "10th Asrian Memorial 2017"]
[Site "Yerevan ARM"]
[Date "2017.06.29"]
[Round "9.6"]
[White "Mikaelyan, Arman"]
[Black "Postny, Evgeny"]
[Result "1-0"]
[WhiteTitle "IM"]
[BlackTitle "GM"]
[WhiteElo "2444"]
[BlackElo "2580"]
[WhiteFideId "13304852"]
[BlackFideId "2804344"]
[EventDate "2017.06.21"]

1. Nf3 d5 2. g3 Nd7 3. Bg2 e5 4. d3 Bd6 5. O-O Ne7 6. e4 c6 7. exd5 cxd5 8. c4
d4 9. Re1 O-O 10. c5 Bc7 11. Qc2 Nc6 12. a3 a5 13. Nbd2 h6 14. Ne4 Nf6 15. Nfd2
Nxe4 16. Nxe4 Be6 17. f4 f5 18. Nd6 Bxd6 19. cxd6 Qxd6 20. fxe5 Qd7 21. h4 Bd5
22. Bf4 Rfe8 23. h5 Bxg2 24. Qxg2 Nd8 25. Rac1 Ne6 26. Rc2 Rac8 27. Rec1 Rxc2
28. Qxc2 Kh8 29. Kf2 Ra8 30. Qd1 Rc8 31. Rxc8+ Qxc8 32. Bd2 Qc6 33. Qf3 Qc2 34.
Ke2 Nc5 35. e6 Nxe6 36. Qd5 Qc8 37. Qxf5 a4 38. Qe5 Kg8 39. Qb5 Kh7 40. Qxa4 Qc5
41. Qe8 Qf5 42. b4 Qg4+ 43. Kf2 Qf5+ 44. Ke1 Qg4 45. Bf4 Qh3 46. Qg6+ Kh8 47.
Qe4 Nxf4 48. Qxf4 Qh1+ 49. Kf2 Qh2+ 50. Kf3 Qxh5+ 51. Ke4 Qe2+ 52. Kxd4 Qb2+ 53.
Ke4 Qe2+ 54. Qe3 Qc2 55. Kf5 Qc6 56. Qe4 Qf6+ 57. Kg4 Qg5+ 58. Kf3 Qf6+ 59. Ke3
Qg5+ 60. Qf4 Qe7+ 61. Kd2 Qd7 62. Qe5 b5 63. Ke3 Qa7+ 64. Ke4 Qb7+ 65. Kd4 Qa7+
66. Kd5 Qd7+ 67. Qd6 Qf5+ 68. Kc6 h5 69. d4 Qd3 70. Qe5 Qxa3 71. Kxb5 Qd3+ 72.
Kb6 Qg6+ 73. Ka5 Qg4 74. b5 h4 75. gxh4 Qxh4 76. b6 Qd8 77. d5 Qa8+ 78. Kb5 Qa2
79. d6 Qb3+ 80. Kc6 Qc4+ 81. Kb7 Qf7+ 82. Qe7 Qd5+ 83. Kb8 Qg8+ 84. Kc7 Qc4+ 85.
Kd8 1-0

[Event "10th Asrian Memorial 2017"]
[Site "Yerevan ARM"]
[Date "2017.06.29"]
[Round "9.7"]
[White "Kovalenko, Igor"]
[Black "Mosadeghpour, Masoud"]
[Result "0-1"]
[WhiteTitle "GM"]
[BlackTitle "IM"]
[WhiteElo "2656"]
[BlackElo "2469"]
[WhiteFideId "14117908"]
[BlackFideId "12519278"]
[EventDate "2017.06.21"]

1. Nf3 Nf6 2. d4 e6 3. e3 d5 4. Bd3 c5 5. b3 Nc6 6. O-O Qc7 7. c4 dxc4 8. bxc4
Be7 9. Nc3 O-O 10. Bb2 Rd8 11. d5 exd5 12. cxd5 Bg4 13. Be2 Bf5 14. Bc4 a6 15.
a4 Qb6 16. Qe2 Na5 17. Ba3 Ne4 18. Rac1 Nxc3 19. Rxc3 Bf6 20. Rcc1 Be4 21. Rfd1
Rac8 22. Ne1 Be5 23. f3 Qh6 24. f4 Bd6 25. Ba2 Re8 26. Qd2 b6 27. Bb2 c4 28. Bc3
Bc5 29. d6 Qxf4 30. Bd4 Qxd6 31. Qf2 Qe6 32. Nc2 Nb3 33. Rb1 Qf5 34. Rf1 Bxc2
35. Qxf5 Bxf5 36. Rxf5 Bxd4 37. exd4 Nxd4 38. Rf2 b5 39. axb5 axb5 40. Kf1 Ra8 0-1

[Event "10th Asrian Memorial 2017"]
[Site "Yerevan ARM"]
[Date "2017.06.29"]
[Round "9.8"]
[White "Mkrtchian, Lilit"]
[Black "Andriasian, Zaven"]
[Result "1/2-1/2"]
[WhiteTitle "IM"]
[BlackTitle "GM"]
[WhiteElo "2409"]
[BlackElo "2622"]
[WhiteFideId "13300601"]
[BlackFideId "13302000"]
[EventDate "2017.06.21"]

1. c4 e5 2. Nc3 Nc6 3. g3 Bb4 4. Bg2 f5 5. Nd5 Nf6 6. a3 Be7 7. d3 d6 8. e3 Be6
9. Ne2 Qd7 10. b3 h5 11. h4 Ng4 12. Bb2 Nd8 13. Qd2 c6 14. Nxe7 Qxe7 15. d4 Nf7
16. f3 Nf6 17. Nc3 c5 18. d5 Bd7 19. Bf1 g5 20. O-O-O a6 21. Qc2 Rg8 22. Bd3 Nh6
23. Rdg1 O-O-O 24. Kb1 gxh4 25. gxh4 e4 26. fxe4 Rxg1+ 27. Rxg1 Nhg4 28. exf5
Qxe3 29. Rf1 Qg3 30. Qd2 Re8 31. Ne2 Qxh4 32. Qf4 Qh3 33. Rf3 Qh1+ 34. Rf1 Qg2
35. Rg1 Qf2 36. Rf1 Qe3 37. Qxe3 Rxe3 38. Nf4 h4 39. Bxf6 Nxf6 40. Rh1 Nh5 41.
f6 Nxf6 42. Rxh4 Ng4 43. Rh8+ Kc7 44. Rh7 Ne5 45. Bc2 Rg3 46. Kb2 Kc8 47. Rh8+
Kc7 48. Rh7 Rg4 49. Nd3 Nxd3+ 1/2-1/2